| 000 | 00950nam a2200277 i 4500 | ||
|---|---|---|---|
| 001 | 53979 | ||
| 003 | ES-MaACL | ||
| 005 | 20250609180523.0 | ||
| 007 | t| | ||
| 008 | 031119s2001 sp ||||0| spa d | ||
| 020 | _a84-8307-395-1 | ||
| 080 | _a94(460)"1936/39" | ||
| 100 | 1 |
_aBorkenau, Franz. _930510 |
|
| 245 | 1 | 3 |
_aEl reñidero español _b: la guerra civil española vista por un testigo europeo / _cFranz Borkenau ; prólogo de Hugh Thomas ; traducción de Antoni Cardona. |
| 250 | _a1ª ed. | ||
| 260 |
_aBarcelona : _bPenínsula, _c2001. |
||
| 300 |
_a351 p. ; _c23 cm. |
||
| 490 | 1 |
_aAtalaya ; _v81 |
|
| 600 | 1 | 4 |
_aBorkenau, Franz. _930510 |
| 651 | 4 |
_aEspaña- _xHistoria- _y1936-1939, Guerra civil- _vRelatos personales alemanes. _9171691 |
|
| 700 | 1 |
_aThomas, Hugh, _d1931-2017 _9110019 |
|
| 700 | 1 |
_aCardona, Antoni. _935171 |
|
| 830 | 1 |
_aAtalaya ; _v81 _9180261 |
|
| 852 |
_aES-MaACL _jL-26705 |
||
| 999 |
_c53979 _d53979 |
||